Personas fs̕icas Tratamiento en materia de seguridad social

Detalles Bibliográficos
Autor Corporativo: Instituto Mexicano de Contadores Pb︢licos
Formato: eBook
Lenguaje:español
Publicado: [Mx̌ico] : Instituto Mexicano de Contadores Pb︢licos, 2010.
Materias:
Acceso en línea:Acceso restringido

MARC

LEADER 00000nam a22000007a 4500
005 2011090600310.0
008 110906t2010 mx ||||s|||| 00| 0 spa d
020 |a 978-607-7620-57-0 
035 |a 5615 
040 |a vLex 
090 |c 2385  |d 2385 
245 0 0 |a Personas fs̕icas  |h [Recurso electrn̤ico] :  |b Tratamiento en materia de seguridad social  
256 |a Servicio en ln̕ia. 
260 |a [Mx̌ico] :  |b Instituto Mexicano de Contadores Pb︢licos,  |c 2010. 
300 |a 1 recurso electrn̤ico 
506 1 |a Contenido solo disponible en los productos indicados  |d vLex Global  |d vLex Global (Academic Edition, excluding Law Schools)  |d vLex Global (U.S. Academic Edition, Law Schools)  |d vLex Global (U.S. Academic Edition, excluding Law Schools)  |d vLex Global (Academic Edition, Law Schools) 
650 0 4 |a Seguretat social  |z Mx̌ico 
710 2 |a Instituto Mexicano de Contadores Pb︢licos 
740 0 |a vLex Libros (Servicio en ln̕ea) 
856 4 0 |u http://vlex.com/source/personas-fisicas-seguridad-social-5615  |z Acceso restringido 
942 |c BOOK